000 00849nam a2200265 i 4500
003 DO-SdBNP
005 20250430105409.0
007 ta
008 250430b2018 dr c|||| |||| 00| 0 spa d
020 _a9798327493131
040 _aDO-SdBNP
_bspa
_cBNPHU
_erda
041 _hspa
082 4 _axxx
_bxxx
_222
100 1 _aCastillo, Aurelia,
_eautor
_4aut.
_976355
245 1 0 _aMás allá del amor /
_cAurelia Castillo ; prólogo, Enrique Alberto Cabrera Vásquez
264 1 _aSanto Domingo :
_bEl Tintero Catracho,
_c2018.
300 _a48 Páginas :
_bretratos :
_c21 cm.
336 _atexto
_btxt
_2rdacontent
337 _asin mediación
_bn
_2rdamedia
338 _avolumen
_bn
_2rdacarrier
590 _aInventariado, 2025/BT
700 1 _aCabrera Vásquez, Enrique Alberto,
_eprologuista
_4pr.
_975095
910 _aBtavárez
942 _2ddc
_cLF2
999 _c58155
_d58155